000
00363nam a2200133Ia 4500
008
231129s9999||||xx |||||||||||||| ||spa||
020
_a
84-206-160l-X
040
_b
spa
082
_a
A863 B616hi
100
_a
Bioy Casares Adolfo
245
0
_a
Historias fantasticas
264
_a
Madid EspaƱa : Alianza
942
_2
ddc
_c
BKS
999
_c
15392
_d
15392